00853nam a2200265Ia 4500003000400000005001700004008004100021020003000062040001700092082002000109100001600129245010200145250001200247260002500259300002200284500001900306650003000325650002300355650003500378700001200413700001100425942000900436952012700445999001500572IIN20250522111521.0250522s2023 xx ad 001 0 eng d cRs.1495.00a9789354666070 aIINbEnglish a362.10425 bLAL1 aLal, Sunder1 aTextbook of Community Medicine: bPreventive and Social Medicine /cSunder Lal, Adarsh and Pankaj a8th ed  aNew DelhibCBSc2023 axxx, 782 p.bill. aIncludes Index1 aCommunity HealthvNursing1 aCommunity Medicine1 aPreventive and Social Medicine1 aAdarsh 1 aPankaj cBOOK 00102ddc40708PURCHaIINbIINcGENd2025-03-11g1495.00l0o362.10425 LALp2060r2025-05-22 11:15:45w2025-05-22yBOOK c1834d1834